00358nam a2200097Ia 4500008004100000100002100041245007400062260007700136650002800213999001900241160725s9999 xx 000 0 und d aVilla, Vivian C. aStrategies value chain management for Shrine Express Expeditors, Inc. bKaizen Research Journal College of Business AdministrationcJanuary 2014 aBUSINESS ADMINISTRATION c298000d298000